[Event "Almansa op-B 6th"]
[Site "Almansa"]
[Date "2011.08.13"]
[Round "8.5"]
[White "Martinez Escandell, Alfonso"]
[Black "Diaz Rios, Ignacio Jose"]
[Result "1/2-1/2"]
[WhiteElo "1964"]
[BlackElo "1930"]
[PlyCount "55"]
[EventDate "2011.08.09"]
[EventType "swiss"]
[EventRounds "9"]
[EventCountry "ESP"]
[SourceTitle "EXT 2024"]
[Source "ChessBase"]
[SourceDate "2023.10.10"]
[SourceVersion "1"]
[SourceVersionDate "2023.10.10"]
[SourceQuality "1"]

1. e4 c5 2. Nf3 d6 3. d4 cxd4 4. Nxd4 Nf6 5. Nc3 a6 6. a4 e5 7. Nb3 Be7 8. Be2 b6 9. Be3 Bb7 10. f3 0-0 11. 0-0 Nc6 12. Qe1 Nb4 13. Bd3 Nxd3 14. cxd3 d5 15. d4 Qb8 16. dxe5 Qxe5 17. Bd4 Qh5 18. Qg3 Qg6 19. Qxg6 hxg6 20. Bxb6 dxe4 21. fxe4 Nxe4 22. Rfe1 f5 23. Nxe4 Bxe4 24. Bc5 Rab8 25. Bxe7 Rxb3 26. Ba3 Rd8 27. Rad1 Rxd1 28. Rxd1 1/2-1/2

[Event "Almansa op-B 6th"]
[Site "Almansa"]
[Date "2011.08.10"]
[Round "3.9"]
[White "Diaz Rios, Ignacio Jose"]
[Black "Nieves Cabanes, Jose Manuel"]
[Result "1-0"]
[WhiteElo "1930"]
[BlackElo "1722"]
[PlyCount "57"]
[EventDate "2011.08.09"]
[EventType "swiss"]
[EventRounds "9"]
[EventCountry "ESP"]
[SourceTitle "EXT 2024"]
[Source "ChessBase"]
[SourceDate "2023.10.10"]
[SourceVersion "1"]
[SourceVersionDate "2023.10.10"]
[SourceQuality "1"]

1. d4 d5 2. c4 c6 3. Nf3 Nf6 4. Bf4 Bf5 5. e3 e6 6. h3 Nbd7 7. Be2 Be7 8. 0-0 0-0 9. Nc3 Ne4 10. Nxe4 Bxe4 11. cxd5 cxd5 12. Rc1 Qb6 13. Rc7 Rfd8 14. Qa4 Qxb2 15. Rxd7 Qxe2 16. Rxe7 Bxf3 17. gxf3 b5 18. Qa5 a6 19. Qc7 Rf8 20. Qb7 Qxf3 21. Kh2 Qe2 22. Rg1 Qxf2+ 23. Rg2 Qh4 24. Rxf7 Rxf7 25. Qxa8+ Rf8 26. Qb7 Rf7 27. Qc8+ Rf8 28. Qxe6+ Kh8 29. Be5 1-0

[Event "Benidorm New Generation U16 06th"]
[Site "Benidorm"]
[Date "2010.12.06"]
[Round "4"]
[White "Munoz Galdos, Carlos"]
[Black "Diaz Rios, Ignacio Jose"]
[Result "0-1"]
[WhiteElo "1634"]
[BlackElo "1941"]
[PlyCount "38"]
[EventDate "2010.12.04"]
[EventType "swiss"]
[EventRounds "7"]
[EventCountry "ESP"]
[SourceTitle "EXT 2024"]
[Source "ChessBase"]
[SourceDate "2023.10.10"]
[SourceVersion "1"]
[SourceVersionDate "2023.10.10"]
[SourceQuality "1"]

1. e4 c5 2. Nc3 a6 3. d3 Nc6 4. g3 g6 5. Bg2 Bg7 6. Bd2 e6 7. f4 Nge7 8. Nf3 d5 9. Rb1 b5 10. a3 0-0 11. 0-0 Bb7 12. g4 dxe4 13. dxe4 Nd4 14. Nxd4 Qxd4+ 15. Kh1 Rfd8 16. Bc1 Qxd1 17. Rxd1 Bxc3 18. Rxd8+ Rxd8 19. bxc3 Rd1+ 0-1

[Event "Benidorm New Generation U16 05th"]
[Site "Benidorm"]
[Date "2009.12.06"]
[Round "4.4"]
[White "Gil Quilez, David"]
[Black "Diaz Rios, Ignacio Jose"]
[Result "1-0"]
[WhiteElo "2097"]
[BlackElo "1838"]
[PlyCount "39"]
[EventDate "2009.12.04"]
[EventType "swiss"]
[EventRounds "7"]
[EventCountry "ESP"]
[SourceTitle "EXT 2024"]
[Source "ChessBase"]
[SourceDate "2023.10.10"]
[SourceVersion "1"]
[SourceVersionDate "2023.10.10"]
[SourceQuality "1"]

1. e4 c5 2. Nf3 d6 3. d4 cxd4 4. Nxd4 Nf6 5. Nc3 a6 6. Be3 e5 7. Nb3 Be6 8. f3 Nbd7 9. Qd2 b5 10. g4 Nb6 11. g5 Nh5 12. Nd5 Nxd5 13. exd5 Bd7 14. 0-0-0 Be7 15. Rg1 Qc7 16. f4 Nxf4 17. Bxf4 exf4 18. Re1 Rc8 19. Bd3 Qa7 20. Qxf4 1-0

[Event "Albacete op 16th"]
[Site "Albacete"]
[Date "2008.09.01"]
[Round "1"]
[White "Diaz Rios, Ignacio Jose"]
[Black "Valmana Canto, Jaime"]
[Result "0-1"]
[WhiteElo "1815"]
[BlackElo "2376"]
[PlyCount "58"]
[EventDate "2008.09.01"]
[EventType "swiss"]
[EventRounds "9"]
[EventCountry "ESP"]
[SourceTitle "CBM 126 Extra"]
[Source "ChessBase"]
[SourceDate "2008.11.05"]
[SourceVersion "1"]
[SourceVersionDate "2008.11.05"]
[SourceQuality "1"]

1. e4 c5 2. Nf3 Nc6 3. d4 cxd4 4. Nxd4 g6 5. Be3 Bg7 6. Nc3 Nf6 7. f3 0-0 8. Bc4 Qb6 9. Bb3 Nxe4 10. fxe4 Bxd4 11. Bxd4 Qxd4 12. Qxd4 Nxd4 13. 0-0-0 Nc6 14. Nd5 Rb8 15. Rhf1 d6 16. Ne3 Be6 17. Rf4 Ne5 18. Rdf1 Rfc8 19. Bxe6 fxe6 20. Kb1 b5 21. Ng4 g5 22. Nxe5 gxf4 23. Nd3 e5 24. Re1 a5 25. Re2 Kf7 26. Nf2 Rg8 27. Nd1 Rg6 28. Rf2 Ke6 29. Nc3 b4 0-1

[Event "ESP-ch U14"]
[Site "Padron"]
[Date "2008.07.17"]
[Round "8"]
[White "Diaz Rios, Ignacio Jose"]
[Black "Hernandez Mateo, Javier"]
[Result "1-0"]
[WhiteElo "1815"]
[BlackElo "1688"]
[PlyCount "21"]
[EventDate "2008.07.13"]
[EventType "swiss"]
[EventRounds "9"]
[EventCountry "ESP"]
[SourceTitle "CBM 125 Extra"]
[Source "ChessBase"]
[SourceDate "2008.09.01"]
[SourceVersion "1"]
[SourceVersionDate "2008.09.01"]
[SourceQuality "1"]

1. e4 e5 2. Nf3 Nf6 3. Nxe5 d6 4. Nf3 Nxe4 5. Nc3 Nxc3 6. dxc3 Nc6 7. Be3 Bg4 8. Bc4 Ne5 9. Nxe5 Bxd1 10. Bxf7+ Ke7 11. Bg5# 1-0

[Event "ESP-ch U14"]
[Site "Padron"]
[Date "2008.07.15"]
[Round "5"]
[White "Dominguez Alfara, Miguel"]
[Black "Diaz Rios, Ignacio Jose"]
[Result "0-1"]
[WhiteElo "1610"]
[BlackElo "1815"]
[PlyCount "68"]
[EventDate "2008.07.13"]
[EventType "swiss"]
[EventRounds "9"]
[EventCountry "ESP"]
[SourceTitle "CBM 125 Extra"]
[Source "ChessBase"]
[SourceDate "2008.09.01"]
[SourceVersion "1"]
[SourceVersionDate "2008.09.01"]
[SourceQuality "1"]

1. d4 Nf6 2. e3 d6 3. Nf3 g6 4. Nbd2 Bg7 5. Bd3 Nc6 6. b3 0-0 7. c4 e5 8. Bb2 Re8 9. d5 Ne7 10. 0-0 Nh5 11. e4 Nf4 12. Bc2 h6 13. Re1 g5 14. h3 Neg6 15. Kh2 Qd7 16. Ng1 Qe7 17. g4 Bf6 18. Nf1 Kg7 19. Ng3 Bd7 20. Qd2 Rh8 21. Bd1 Rh7 22. Re3 Rah8 23. Qa5 h5 24. gxh5 Nxh5 25. Nxh5+ Rxh5 26. Bxh5 Rxh5 27. Kg2 Nf4+ 28. Kf1 g4 29. hxg4 Rh1 30. f3 Bh4 31. Bc1 Rh2 32. Ne2 Rf2+ 33. Kg1 Nxe2+ 34. Kh1 Bg3 0-1

[Event "ESP-ch U14"]
[Site "Padron"]
[Date "2008.07.14"]
[Round "3"]
[White "Plaza Vazquez, Javier"]
[Black "Diaz Rios, Ignacio Jose"]
[Result "1/2-1/2"]
[WhiteElo "1556"]
[BlackElo "1815"]
[PlyCount "100"]
[EventDate "2008.07.13"]
[EventType "swiss"]
[EventRounds "9"]
[EventCountry "ESP"]
[SourceTitle "CBM 125 Extra"]
[Source "ChessBase"]
[SourceDate "2008.09.01"]
[SourceVersion "1"]
[SourceVersionDate "2008.09.01"]
[SourceQuality "1"]

1. e4 c5 2. Nf3 Nc6 3. d4 cxd4 4. Nxd4 Nf6 5. Nc3 e6 6. Nxc6 bxc6 7. e5 Nd5 8. Ne4 Qa5+ 9. Bd2 Qc7 10. f4 Qb6 11. Bc1 Qb4+ 12. Nc3 Nxc3 13. bxc3 Qxc3+ 14. Bd2 Qd4 15. c3 Qe4+ 16. Qe2 Qxe2+ 17. Bxe2 d5 18. Be3 Be7 19. Rb1 0-0 20. 0-0 c5 21. g3 a5 22. Rb2 Rd8 23. Rfb1 Ba6 24. Bxa6 Rxa6 25. Rb7 Bf8 26. a4 Raa8 27. R7b5 d4 28. cxd4 cxd4 29. Bd2 Bb4 30. Bxb4 axb4 31. R5xb4 f6 32. Rd1 d3 33. Re4 Rac8 34. Re3 Ra8 35. exf6 gxf6 36. Rxe6 Kf7 37. Re3 Rxa4 38. Rdxd3 Rad4 39. Rxd4 Rxd4 40. Kf2 Rd2+ 41. Re2 Rd5 42. Kf3 h5 43. h3 Rd3+ 44. Re3 Rd1 45. g4 Rf1+ 46. Kg3 hxg4 47. Kxg4 Kg6 48. Rf3 f5+ 49. Kg3 Rxf3+ 50. Kxf3 Kh5 1/2-1/2

[Event "ESP-ch U14"]
[Site "Padron"]
[Date "2008.07.13"]
[Round "2"]
[White "Diaz Rios, Ignacio Jose"]
[Black "Sanchez Ibern, Marc"]
[Result "0-1"]
[WhiteElo "1815"]
[BlackElo "2161"]
[PlyCount "146"]
[EventDate "2008.07.13"]
[EventType "swiss"]
[EventRounds "9"]
[EventCountry "ESP"]
[SourceTitle "CBM 125 Extra"]
[Source "ChessBase"]
[SourceDate "2008.09.01"]
[SourceVersion "1"]
[SourceVersionDate "2008.09.01"]
[SourceQuality "1"]

1. e4 c5 2. Nf3 d6 3. d4 Nf6 4. Nc3 cxd4 5. Nxd4 Nc6 6. Bg5 e6 7. Qd2 Be7 8. 0-0-0 Nxd4 9. Qxd4 0-0 10. f4 h6 11. Bh4 Qa5 12. e5 dxe5 13. Qxe5 b6 14. Qxa5 bxa5 15. Bxf6 Bxf6 16. Ne4 Bd8 17. Be2 Bc7 18. g3 e5 19. fxe5 Bxe5 20. Rd5 Re8 21. Bd3 Bb7 22. Rb5 Bxe4 23. Bxe4 Bxb2+ 24. Kxb2 Rxe4 25. Rxa5 Re2 26. Rc5 Rb8+ 27. Kc1 Rb7 28. h3 Re3 29. a4 Ra3 30. Kd2 Rxa4 31. Rc3 a5 32. Re1 Ra7 33. Ree3 Ra1 34. Ra3 Rh1 35. h4 Rh2+ 36. Kd1 Rc7 37. Rec3 Rd7+ 38. Rd3 Ra7 39. c4 Rc7 40. Rdc3 Rc5 41. Kc1 f5 42. Rab3 f4 43. Rb5 Rxb5 44. cxb5 fxg3 45. Rxg3 Rxh4 46. Rb3 Rc4+ 47. Kb1 Kf7 48. b6 Rc8 49. Rb5 Rb8 50. b7 Ke6 51. Kc2 Kd6 52. Kd3 a4 53. Ke4 Ke6 54. Rb6+ Ke7 55. Kd5 Kd7 56. Rg6 Rxb7 57. Rxg7+ Kc8 58. Rg8+ Kc7 59. Rg7+ Kb8 60. Rg8+ Ka7 61. Rg4 Rb5+ 62. Kc4 Rb6 63. Kc3 Ra6 64. Kb2 a3+ 65. Ka2 Kb7 66. Rf4 Kc7 67. Rd4 Kc6 68. Rh4 Kd5 69. Rb4 Ke6 70. Rb1 Kf6 71. Rg1 h5 72. Rf1+ Kg5 73. Rg1+ Kh6 0-1